Fundamentals of electric circuit theory / (Record no. 180778)
[ view plain ]
| 000 -LEADER | |
|---|---|
| fixed length control field | 01224 a2200193 4500 |
| 003 - CONTROL NUMBER IDENTIFIER | |
| control field | Nust |
| 005 - DATE AND TIME OF LATEST TRANSACTION | |
| control field | 20221031101804.0 |
| 020 ## - INTERNATIONAL STANDARD BOOK NUMBER | |
| International Standard Book Number | 8121900085 |
| 040 ## - CATALOGING SOURCE | |
| Transcribing agency | Nust |
| 082 ## - DEWEY DECIMAL CLASSIFICATION NUMBER | |
| Classification number | 621.3192,CHA |
| 100 ## - MAIN ENTRY--PERSONAL NAME | |
| Personal name | Chattopadhyay, D. |
| 9 (RLIN) | 101805 |
| 245 ## - TITLE STATEMENT | |
| Title | Fundamentals of electric circuit theory / |
| Statement of responsibility, etc. | D. Chattopadhyay and P.C. Rakshit |
| 260 ## - PUBLICATION, DISTRIBUTION, ETC. | |
| Place of publication, distribution, etc. | S. Chand |
| Name of publisher, distributor, etc. | New Delhi |
| Date of publication, distribution, etc. | c1987 |
| 300 ## - PHYSICAL DESCRIPTION | |
| Extent | 459 p. |
| 505 ## - FORMATTED CONTENTS NOTE | |
| Formatted contents note | Basic Circuits Elements (Page-1), Complex Numbers in Circuits Analysis (Page-16), Some Important Concepts (Page-32), Resonance (Page-49), Network Analysis (Page-75), Elements of Graph Theory and Network (Page-101), Network Conversions and Networks Theorems (Page-118), Inductively Coupled Circuits (Page-148), Synthesis of Two Terminal Reactive Networks (Page-175), Synthesis of Two Terminal R.L and R.C Networks (Page-192), Two Port Networks (Page-217), Attenuators, Insertions Loss and Equalizers (Page-263), Classical Filters (Page-283), Active Filters (Page-313), Laplace Transformation (Page-328), Fourier Analysis (Page-375), Frequency Domain Description (Page-397), Three Phase Circuits (Page-416), |
| 600 ## - SUBJECT ADDED ENTRY--PERSONAL NAME | |
| Personal name | Chand S |
| 9 (RLIN) | 101806 |
| 650 ## - SUBJECT ADDED ENTRY--TOPICAL TERM | |
| Topical term or geographic name entry element | Fundamentals of electric circuit theory |
| 9 (RLIN) | 101807 |
| 942 ## - ADDED ENTRY ELEMENTS (KOHA) | |
| Source of classification or shelving scheme | |
| Koha item type | Book |
| Withdrawn status | Lost status | Source of classification or shelving scheme | Damaged status | Not for loan | Permanent Location | Current Location | Shelving location | Date acquired | Full call number | Barcode | Date last seen | Price effective from | Koha item type | Public note |
|---|---|---|---|---|---|---|---|---|---|---|---|---|---|---|
| Military College of Signals (MCS) | Military College of Signals (MCS) | General Stacks | 12/12/2016 | 621.3192,CHA | MCS32601 | 12/08/2016 | 12/12/2016 | Book | Almirah No.29, Shelf No.4 |
